000 00611cam a2200193 4500500
005 20260405003945.0
041 _afre
042 _adc
100 1 0 _aEltchaninoff, Michel
_eauthor
245 0 0 _aComment résister à la fatigue ? Réponses avec trois classiques
260 _c2025.
500 _a44
690 _aFatigue
690 _aJonathan Crary
690 _aSénèque
690 _aSimone Weil
786 0 _nPhilosophie magazine | 193 | 10 | 2025-10-01 | p. 53-60 | 1951-1787
856 4 1 _uhttps://shs.cairn.info/magazine-philosophie-magazine-2025-10-page-53?lang=fr&redirect-ssocas=7080
999 _c2072431
_d2072431